[Event "Cto Equipos Aragon 2012 Preferente B"]
[Site "Aragon"]
[Date "2012.03.10"]
[Round "6.70"]
[White "Carruez Berges Santiago"]
[Black "Soto Fidalgo Guillermo"]
[Result "1-0"]
[WhiteElo "2117"]
[BlackElo "1907"]

1.e4 e6 2.d3 d5 3.Nd2 Nf6 4.Ngf3 b6 5.g3 dxe4 6.dxe4 Bb7 7.Bb5+ Nbd7 8.Ne5 Bd6
9.Nxd7 Nxd7 10.O-O O-O 11.Re1 a6 12.Bf1 Qf6 13.Nc4 Bc5 14.Qe2 Bxe4 15.Bf4 Bd5
16.Rad1 Rfd8 17.Ne3 Bc6 18.Ng4 Qf5 19.Bh3 Kf8 20.Bg2 Bxg2 21.Kxg2 Nf6 22.Nxf6
Qxf6 23.Bxc7 Rxd1 24.Rxd1 Qxb2 25.Qe4 Rc8 26.Qxh7 Ke7 27.Bf4 Qf6 28.h4 Qg6 29.
Bg5+ Ke8 30.Qh8+ Bf8 31.c4 f6 32.Be3 Qe4+ 33.Kh2 Qxc4 34.Qg8 b5 35.Rd6 e5 36.
Re6+ Kd7 37.Qf7+ 1-0

[Event "Cto Equipos Aragon 2012 Preferente B"]
[Site "Aragon"]
[Date "2012.03.10"]
[Round "6.71"]
[White "Ruiz Gutierrez Jose Manuel"]
[Black "Martinez Asensio Juan Miguel"]
[Result "1-0"]
[WhiteElo "1863"]
[BlackElo "2116"]

1.c4 c5 2.Nc3 g6 3.Nf3 Bg7 4.d4 cxd4 5.Nxd4 Nc6 6.Nc2 Nf6 7.e4 O-O 8.Be2 b6 9.
Rb1 Bb7 10.f3 Rc8 11.O-O Ne5 12.b3 d6 13.Bb2 Re8 14.Ne3 Qc7 15.Kh1 Qb8 16.Ned5
Nfd7 17.Qd2 a6 18.Rbd1 Ba8 19.f4 Nc6 20.Bg4 Rcd8 21.Ne2 b5 22.Bxg7 Kxg7 23.
cxb5 axb5 24.Nd4 Kg8 25.Nxb5 Qxb5 26.Nc7 Qb8 27.Nxe8 Nf8 28.Nxd6 Rxd6 29.Qc3
Ne6 30.Bxe6 Rxe6 31.e5 Nb4 32.Rd4 Rb6 33.Rfd1 Qb7 34.Qb2 e6 35.h4 h5 36.Rd7
Qe4 37.R7d4 Qb7 38.Rd7 Qa6 39.Qd4 Nd5 40.Qc4 Kg7 41.Qc5 Rc6 42.Qa7 Qxa7 43.
Rxa7 Rc8 44.Rd4 Nb6 45.Kh2 Bd5 46.Rb4 Na8 47.a4 Rc2 48.Rb8 Rxg2+ 49.Kh3 Nc7
50.Rxc7 Rd2 51.Rc3 1-0

[Event "Cto Equipos Aragon 2012 Preferente B"]
[Site "Aragon"]
[Date "2012.03.10"]
[Round "6.72"]
[White "Martinez Crespo Juan"]
[Black "Teresa Moyano Alejandro"]
[Result "1-0"]
[WhiteElo "1867"]
[BlackElo "1796"]

1.e4 e5 2.Nf3 d6 3.d4 Nd7 4.c3 Be7 5.Bc4 c6 6.O-O b5 7.Bb3 Ngf6 8.Qe2 O-O 9.
Rd1 Qc7 10.Bg5 Bb7 11.Nbd2 a6 12.Nh4 h6 13.Nf5 hxg5 14.Nxe7+ Kh7 15.Nf5 g6 16.
Ng3 Kg7 17.Nf3 Nh7 18.Qd2 g4 19.Ng5 Nhf6 20.Bxf7 Rxf7 21.Ne6+ 1-0

[Event "Cto Equipos Aragon 2012 Div. Honor A "]
[Site "Aragon"]
[Date "2012.03.17"]
[Round "7.1"]
[White "Llorente Zaro Alfonso"]
[Black "Munoz Suarez Luis Alberto"]
[Result "1-0"]
[WhiteElo "2445"]
[BlackElo "1994"]

1.d4 Nf6 2.g3 g6 3.Bg2 Bg7 4.e4 d6 5.Nc3 O-O 6.Nge2 e5 7.h3 c6 8.a4 a5 9.Be3
Na6 10.O-O Qe7 11.Re1 Nd7 12.Qd2 f5 13.Rad1 Nf6 14.d5 c5 15.Bg5 Nc7 16.f4 Qe8
17.fxe5 Qxe5 18.Bf4 Qe7 19.e5 Nfe8 20.e6 b6 21.Nb5 Ba6 22.c4 Bxb5 23.cxb5 Nf6
24.Bf3 Rad8 25.Bg5 Rfe8 26.Kg2 Kh8 27.Nf4 Rg8 28.h4 Qf8 1-0

[Event "Cto Equipos Aragon 2012 Div. Honor A "]
[Site "Aragon"]
[Date "2012.03.17"]
[Round "7.3"]
[White "Mimbela Lopez Miguel A"]
[Black "Pueyo Marina Gerardo"]
[Result "1-0"]
[WhiteElo "2178"]
[BlackElo "1926"]

1.e4 c6 2.d4 d5 3.exd5 cxd5 4.c4 Nc6 5.Nc3 Nf6 6.Nf3 Bg4 7.cxd5 Bxf3 8.Qxf3
Nxd4 9.Qd1 e5 10.dxe6 fxe6 11.Be3 Nf5 12.Qa4+ Kf7 13.Rd1 Qe8 14.Bf4 Bc5 15.Be2
Qc6 16.O-O Rhd8 17.Bf3 Nd5 18.Bxd5 exd5 19.Qc2 Nd4 20.Qxh7 Rh8 21.Qd3 Rh5 22.
Ne2 Ne6 23.Qf3 Rf5 24.Qg4 g6 25.Bg3 Rf8 26.b4 Bb6 27.Rc1 Qd7 28.Nf4 Nxf4 29.
Bxf4 Kg7 30.Be5+ Kh6 31.Rc3 Bxf2+ 32.Rxf2 Rxf2 33.Rh3# 1-0

[Event "Cto Equipos Aragon 2012 Div. Honor A "]
[Site "Aragon"]
[Date "2012.03.17"]
[Round "7.4"]
[White "Navarro Castan Jesus"]
[Black "Delgado Salcedo Eduardo"]
[Result "1/2-1/2"]
[WhiteElo "1875"]
[BlackElo "2174"]

1.e4 c5 2.Nf3 d6 3.d4 cxd4 4.Nxd4 Nf6 5.Nc3 e6 6.Be3 a6 7.f3 b5 8.Bd3 Be7 9.
Qd2 Bb7 10.O-O-O Nc6 11.Kb1 Rc8 12.g4 Ne5 13.g5 Nfd7 14.h4 Nb6 15.b3 d5 16.
exd5 Bb4 17.dxe6 Nd5 18.exf7+ Nxf7 19.Ndxb5 axb5 20.Bxb5+ Kf8 21.Qxd5 Bxd5 22.
Nxd5 Qa5 23.a4 Bc5 24.Bd2 Qa8 25.Bf1 Nd6 26.Bc1 Kf7 27.Bh3 Rhe8 28.Bxc8 Qxc8
29.Rhe1 Rxe1 30.Rxe1 Nf5 31.h5 Bd4 32.Re4 Qc6 33.c4 g6 34.hxg6+ hxg6 35.Nf4
Qb6 36.Kc2 Be3 37.Nd5 Nd4+ 38.Rxd4 Qxd4 39.Bxe3 1/2-1/2

[Event "Cto Equipos Aragon 2012 Div. Honor A "]
[Site "Aragon"]
[Date "2012.03.17"]
[Round "7.5"]
[White "Llanes Luno Ricardo"]
[Black "Cifuentes Roberto"]
[Result "0-1"]
[WhiteElo "2203"]
[BlackElo "2523"]

1.e4 c5 2.Nf3 Nc6 3.d4 cxd4 4.Nxd4 Nf6 5.Nc3 d6 6.Bg5 h6 7.Bxf6 gxf6 8.Be2 Rg8
9.g3 Bd7 10.O-O Rc8 11.Nxc6 bxc6 12.a4 Qa5 13.Qd2 h5 14.b4 Qxb4 15.Bxh5 Rg5
16.Rfb1 Qa5 17.Be2 Rc5 18.Ra3 f5 19.Qd4 e5 20.Qd3 d5 21.Rb7 d4 22.Nd1 Qe1+ 23.
Kg2 Be6 24.Qf3 Rxc2 25.Bd3 fxe4 26.Bxe4 Bxa3 27.Bxc6+ R2xc6 28.Qxa3 Bd5+ 29.
Kh3 Rh6+ 30.Kg4 Qe4+ 0-1

[Event "Cto Equipos Aragon 2012 Div. Honor A "]
[Site "Aragon"]
[Date "2012.03.17"]
[Round "7.6"]
[White "Gonzalez Gambau Jorge"]
[Black "Lamas Mercadal Manuel"]
[Result "1/2-1/2"]
[WhiteElo "2097"]
[BlackElo "2202"]

1.e4 c5 2.Nc3 Nc6 3.g3 g6 4.Bg2 Bg7 5.d3 d6 6.f4 e6 7.Nf3 Nge7 8.O-O O-O 9.Be3
b6 10.e5 d5 11.Bf2 f6 12.exf6 Bxf6 13.d4 cxd4 14.Nxd4 Nxd4 15.Bxd4 Nf5 16.Bxf6
Qxf6 17.Re1 Kh8 18.Qe2 Bd7 19.Rad1 Rac8 20.Rd2 Nd6 21.Ne4 Nxe4 22.Bxe4 Qxb2
23.c4 Qb4 24.cxd5 exd5 25.Rxd5 Bg4 26.Qe3 Rfe8 27.Rd4 Qc5 28.Kg2 Bf5 29.Qd2
Bxe4+ 30.Rdxe4 Red8 31.Qb2+ Kg8 32.Re7 Qc2+ 33.R1e2 Qxb2 34.Rxb2 a5 35.Rxb6
Rc2+ 36.Kh3 Rxa2 37.Rbb7 h5 38.Kh4 Rxh2+ 39.Kg5 h4 40.Rg7+ Kf8 41.Rbf7+ Ke8
42.Re7+ Kf8 43.g4 Rg2 44.Kxh4 Rd1 45.Rgf7+ Kg8 46.Rg7+ Kf8 47.Rgf7+ Kg8 48.
Rg7+ Kf8 49.Rgf7+ Kg8 50.Rg7+ Kf8 51.Rgf7+ 1/2-1/2

[Event "Cto Equipos Aragon 2012 Div. Honor A "]
[Site "Aragon"]
[Date "2012.03.17"]
[Round "7.7"]
[White "Llanes Luno Pedro Alfredo"]
[Black "Abos Rosico Antonio"]
[Result "1/2-1/2"]
[WhiteElo "2148"]
[BlackElo "2087"]

1.e4 d6 2.d4 Nf6 3.Bd3 e5 4.d5 c6 5.c4 Be7 6.Nc3 O-O 7.Nge2 cxd5 8.cxd5 a6 9.
f3 Nbd7 10.a4 b6 11.Be3 Bb7 12.O-O Ne8 13.b4 Bg5 14.Qd2 Bxe3+ 15.Qxe3 g6 16.a5
f5 17.exf5 gxf5 18.g4 f4 19.Qf2 Nef6 20.g5 Ne8 21.Kh1 Kh8 22.Rg1 Rg8 23.Qh4
Qe7 24.Qh3 Nf8 25.g6 Bc8 26.Qh6 b5 27.gxh7 Rg7 28.Rxg7 Nxg7 29.Rg1 Ra7 30.Ne4
Bf5 31.N2c3 Rc7 32.Be2 Nxh7 33.Bxb5 axb5 34.Nxb5 Bxe4 35.fxe4 Rc2 36.Nxd6 f3
37.Nf5 Nxf5 38.exf5 f2 39.Rf1 Qxb4 40.Qe3 Qd4 41.Qxd4 exd4 42.Kg2 d3 43.Rd1
Nf6 44.Rxd3 Ne4 45.Rd1 Nd6 46.a6 Nxf5 47.Rd3 Nd6 48.Ra3 Nc8 49.d6 Rd2 50.Rc3
Nxd6 51.Ra3 Nb5 52.a7 Nxa7 53.Rxa7 f1=Q+ 1/2-1/2

[Event "Cto Equipos Aragon 2012 Div. Honor A "]
[Site "Aragon"]
[Date "2012.03.17"]
[Round "7.8"]
[White "Mancho Fondevila Jorge"]
[Black "Roche Simon Manuel Angel"]
[Result "1/2-1/2"]
[WhiteElo "1852"]
[BlackElo "2134"]

1.d4 d5 2.Nf3 Nf6 3.e3 g6 4.Bd3 Bg7 5.O-O O-O 6.Nbd2 Bf5 7.Bxf5 gxf5 8.c4 c6
9.b3 Nbd7 10.Bb2 e6 11.Qc2 Ne4 12.Nxe4 fxe4 13.Ne5 f5 14.Nxd7 Qxd7 15.f3 Rf6
16.fxe4 fxe4 17.Rxf6 Bxf6 18.Qf2 Rf8 19.Qg3+ Kh8 20.Rf1 Qe7 21.Rf4 Rg8 22.Qf2
Bg7 23.c5 Rf8 24.Rxf8+ Qxf8 25.Qxf8+ Bxf8 26.Kf2 Kg7 27.Bc3 b6 28.b4 b5 29.Ke2
Kg6 30.Be1 Bg7 31.Bg3 Kf5 32.Bc7 e5 33.Bxe5 Bxe5 34.dxe5 Kxe5 35.g4 d4 36.
exd4+ Kxd4 37.h4 e3 38.g5 Ke4 39.h5 Kf5 40.g6 hxg6 41.hxg6 Kxg6 42.Kxe3 Kf5
43.Kf3 Ke5 44.Ke3 Kd5 45.Kd3 a5 46.bxa5 Kxc5 47.Kc3 Kd6 48.Kb4 Kc7 49.Kc5 Kb7
50.a6+ Kxa6 51.Kxc6 1/2-1/2

[Event "Cto Equipos Aragon 2012 Div. Honor A "]
[Site "Aragon"]
[Date "2012.03.17"]
[Round "7.9"]
[White "Laliena Solanes Luis"]
[Black "Melendez Fierro Juan Bautista"]
[Result "1/2-1/2"]
[WhiteElo "2181"]
[BlackElo "2208"]

1.d4 e6 2.Nf3 f5 3.g3 Nf6 4.Bg2 d5 5.O-O Bd6 6.c4 c6 7.b3 Qe7 8.Bb2 O-O 9.Qc1
Nbd7 10.Ba3 Ne4 11.Bxd6 Qxd6 12.Qa3 Qxa3 13.Nxa3 Ndf6 14.Nc2 Bd7 15.Nce1 Be8
16.Nd3 Bh5 17.Rfc1 Rfe8 18.Rc2 Nd7 19.Nfe5 Nxe5 20.Nxe5 Nd6 21.e3 Re7 1/2-1/2

[Event "Cto Equipos Aragon 2012 Div. Honor A "]
[Site "Aragon"]
[Date "2012.03.17"]
[Round "7.10"]
[White "Hernando Garcia Antonio"]
[Black "Latorre Abad Fernando"]
[Result "1/2-1/2"]
[WhiteElo "2219"]
[BlackElo "2100"]

1.Nf3 g6 2.c4 Bg7 3.g3 c5 4.Bg2 Nc6 5.Nc3 d6 6.O-O e5 7.Rb1 Nge7 8.a3 a5 9.Ne1
Be6 10.d3 O-O 11.Nc2 d5 12.cxd5 Nxd5 13.Nxd5 Bxd5 14.Bxd5 Qxd5 15.b4 cxb4 16.
axb4 axb4 17.Nxb4 Nxb4 18.Rxb4 Rfc8 19.Qb3 Qxb3 20.Rxb3 Rc2 21.Rxb7 Rxe2 22.
Be3 1/2-1/2

[Event "Cto Equipos Aragon 2012 Div. Honor A "]
[Site "Aragon"]
[Date "2012.03.17"]
[Round "7.11"]
[White "Cobo Garrido Diego Israel"]
[Black "Palacios Latasa Elias"]
[Result "1/2-1/2"]
[WhiteElo "2049"]
[BlackElo "2211"]

1.e4 e5 2.Nf3 Nc6 3.Bc4 Be7 4.O-O Nf6 5.Re1 O-O 6.d3 d6 7.h3 Na5 8.Bb5 a6 9.
Ba4 b5 10.Bb3 c5 11.c3 Nxb3 12.Qxb3 Be6 13.Qc2 h6 14.Nbd2 Qc7 15.Nf1 Nd7 16.
Ng3 Rac8 17.Be3 d5 18.exd5 Bxd5 19.Nf5 1/2-1/2

[Event "Cto Equipos Aragon 2012 Div. Honor A "]
[Site "Aragon"]
[Date "2012.03.17"]
[Round "7.12"]
[White "Sarto Ramos Angel"]
[Black "Ferrer Echavarri Fco Javier"]
[Result "1/2-1/2"]
[WhiteElo "1995"]
[BlackElo "1948"]

1.d4 Nf6 2.Nf3 e6 3.Nbd2 d5 4.e3 c5 5.c3 Nc6 6.Bd3 Bd6 7.O-O O-O 8.Qe2 cxd4 9.
exd4 Qc7 10.h3 b6 11.Re1 Bb7 12.Ne5 h6 13.a4 Bxe5 14.dxe5 Nd7 15.Nf3 Nc5 16.
Bc2 a5 17.Nd4 Ba6 18.Nb5 Bxb5 19.axb5 Ne7 20.Qg4 1/2-1/2

[Event "Cto Equipos Aragon 2012 Div. Honor A "]
[Site "Aragon"]
[Date "2012.03.17"]
[Round "7.13"]
[White "Adla Diego"]
[Black "Garcia Monterde Francisco Jose"]
[Result "1-0"]
[WhiteElo "2499"]
[BlackElo "2013"]

1.d4 Nf6 2.Nf3 g6 3.g3 Bg7 4.Bg2 c5 5.c4 cxd4 6.Nxd4 Nc6 7.O-O Qb6 8.e3 O-O 9.
Nc3 a6 10.Na4 Qc7 11.c5 Rd8 12.Qb3 Na5 13.Qb6 Qxb6 14.Nxb6 Rb8 15.Bd2 Nc6 16.
Bc3 Ne8 17.Rfd1 Nxd4 18.Bxd4 d6 19.Bxg7 Kxg7 20.a4 Be6 21.b4 a5 22.cxd6 Rxd6
23.bxa5 Rxd1+ 24.Rxd1 Nd6 25.Rc1 f5 26.Rc7 Kf6 27.h3 h5 28.h4 Kf7 29.Kf1 Kf6
30.Ke2 Ne4 31.Bxe4 fxe4 32.Nd7+ Bxd7 33.Rxd7 Ke6 34.Rd4 Kf5 35.Rb4 Ra8 36.Rxb7
Rc8 37.Rb5+ e5 38.a6 Ra8 39.Rb6 g5 40.Rh6 Ra7 41.Rxh5 Rxa6 42.Rxg5+ Kf6 43.g4
Rxa4 44.Rf5+ Ke6 45.h5 Ra1 46.h6 Rh1 47.Rh5 Rxh5 48.gxh5 Kf7 49.f3 Kg8 50.fxe4
Kh7 51.Kf3 Kxh6 52.Kg4 1-0

[Event "Cto Equipos Aragon 2012 Div. Honor A "]
[Site "Aragon"]
[Date "2012.03.17"]
[Round "7.14"]
[White "Jimenez Fernandez Alejandro"]
[Black "Glavina Pablo"]
[Result "0-1"]
[WhiteElo "1980"]
[BlackElo "2457"]

1.d4 Nf6 2.c4 e6 3.Nf3 d5 4.Nc3 Be7 5.cxd5 exd5 6.Bg5 O-O 7.e3 Nbd7 8.Bd3 c6
9.Qc2 Re8 10.O-O Nf8 11.h3 g6 12.Bxf6 Bxf6 13.b4 Ne6 14.Na4 Be7 15.b5 Bd7 16.
bxc6 Bxc6 17.Ne5 Rc8 18.Qb3 Bd6 19.Nxc6 bxc6 20.Ba6 Rc7 21.Rab1 Ng5 22.Rfc1
Ne4 23.Rc2 Qg5 24.Nc3 Nxf2 25.Rxf2 Rxe3 26.Qc2 Qg3 27.Ne2 Qh2+ 28.Kf1 Qh1+ 29.
Ng1 Bh2 0-1

[Event "Cto Equipos Aragon 2012 Div. Honor A "]
[Site "Aragon"]
[Date "2012.03.17"]
[Round "7.15"]
[White "Lopez Gracia Fernando"]
[Black "Ramos Sanchez Martin"]
[Result "1-0"]
[WhiteElo "2336"]
[BlackElo "1846"]

1.Nf3 Nf6 2.c4 e6 3.g3 b6 4.Bg2 Bb7 5.O-O Be7 6.Nc3 d5 7.d4 O-O 8.Ne5 Nbd7 9.
Qa4 c5 10.Nxd7 Nxd7 11.cxd5 cxd4 12.Qxd4 Bf6 13.Qd2 Bxc3 14.bxc3 Bxd5 15.Bxd5
exd5 16.Qxd5 Nc5 17.Qxd8 Rfxd8 18.Be3 Ne4 19.Rfc1 Rac8 20.c4 Rd6 21.a4 Nc5 22.
Rc3 Rdc6 23.a5 Ne4 24.Rd3 Nd6 25.c5 bxc5 26.Bxc5 Rxc5 27.Rxd6 Kf8 28.Ra6 Rc1+
29.Rxc1 Rxc1+ 30.Kg2 Rc7 31.Kf3 Ke7 32.Ke4 Kd7 33.Kd5 Kc8 34.Rc6 1-0

[Event "Cto Equipos Aragon 2012 Div. Honor A "]
[Site "Aragon"]
[Date "2012.03.17"]
[Round "7.16"]
[White "Colas Perez Patricia"]
[Black "Moreno Gracia Daniel"]
[Result "0-1"]
[WhiteElo "1767"]
[BlackElo "2322"]

1.c4 e6 2.Nc3 d5 3.d4 c6 4.cxd5 exd5 5.Qc2 Na6 6.a3 g6 7.Bf4 Bf5 8.Qd2 Bd6 9.
Nf3 Nf6 10.Be5 O-O 11.Qh6 Bxe5 12.dxe5 Ng4 13.Qf4 Qb6 14.Nd4 Qxb2 15.Rc1 Bd7
16.Rc2 Qa1+ 17.Nd1 c5 18.e6 fxe6 19.Qxg4 cxd4 20.Rd2 Qxa3 21.Qxd4 Nc5 22.Qc3
Qxc3 23.Nxc3 b5 24.Rb2 Rab8 25.e3 b4 26.Na2 a5 27.Be2 b3 28.Nc1 a4 0-1

[Event "Cto Equipos Aragon 2012 Div. Honor B "]
[Site "Aragon"]
[Date "2012.03.17"]
[Round "7.17"]
[White "Romon Poves Raul"]
[Black "Antoli Royo Joaquin Miguel"]
[Result "0-1"]
[WhiteElo "2296"]
[BlackElo "2410"]

1.d4 b6 2.e4 Bb7 3.Bd3 g6 4.Nf3 Bg7 5.O-O d6 6.Re1 Nd7 7.Nbd2 e6 8.Nf1 Ne7 9.
c3 c5 10.Be3 O-O 11.Qd2 cxd4 12.cxd4 Re8 13.Bh6 Bh8 14.h4 Nc6 15.Bc2 e5 16.d5
Nd4 17.Nxd4 exd4 18.h5 b5 19.Bd3 a6 20.Nh2 Ne5 21.f4 Nc4 22.Bxc4 bxc4 23.f5
Qh4 24.hxg6 hxg6 25.fxg6 fxg6 26.Nf3 Qg4 27.Nh2 Qh5 28.Bf4 c3 29.bxc3 dxc3 30.
Qd3 Rac8 31.Rab1 Re7 32.Bxd6 Rh7 33.Nf3 c2 34.Rbc1 Rc3 35.Qd2 Rxf3 36.gxf3
Qxf3 37.Bh2 Rh4 38.Re2 Bd4+ 39.Rf2 Rg4+ 40.Kf1 Qh1+ 41.Ke2 Qxe4+ 42.Kf1 a5 43.
Qxa5 Qd3+ 44.Re2 Qf3+ 0-1

[Event "Cto Equipos Aragon 2012 Div. Honor B "]
[Site "Aragon"]
[Date "2012.03.17"]
[Round "7.18"]
[White "Garza Marco Sergio"]
[Black "Carraminana Lopez Luis Antonio"]
[Result "1-0"]
[WhiteElo "2394"]
[BlackElo "2047"]

1.d4 Nf6 2.c4 c5 3.d5 b5 4.cxb5 a6 5.bxa6 g6 6.Nc3 Bxa6 7.g3 d6 8.Bg2 Bg7 9.
Nf3 Nbd7 10.Rb1 Qa5 11.Bd2 O-O 12.O-O Rfb8 13.Qc2 Qc7 14.b3 Nb6 15.Nh4 Qb7 16.
Rfd1 Ne8 17.a4 Nc7 18.e4 Nd7 19.Na2 Ne5 20.Bc3 Qa7 21.Nf3 f6 22.Nxe5 fxe5 23.
Bd2 Be2 24.Re1 Qa6 25.Nc1 Bg4 26.Nd3 Bd7 27.Nb2 Rb7 28.Nc4 Rab8 29.Na5 Rb6 30.
b4 Qc8 31.b5 e6 32.Nc4 1-0

[Event "Cto Equipos Aragon 2012 Div. Honor B "]
[Site "Aragon"]
[Date "2012.03.17"]
[Round "7.19"]
[White "Gil Capape Marco Antonio"]
[Black "Fontana Sotomayor Luis Javier"]
[Result "1-0"]
[WhiteElo "2059"]
[BlackElo "2345"]

1.d4 Nf6 2.c4 c5 3.d5 a6 4.a4 e5 5.Nc3 d6 6.e4 Be7 7.Be2 O-O 8.h4 Ne8 9.Bg4
Nd7 10.Nf3 Nef6 11.Bf5 g6 12.Bh3 Kg7 13.Qd2 Ng8 14.h5 Ndf6 15.hxg6 hxg6 16.
Bxc8 Qxc8 17.Nh4 Nh7 18.Qe2 Bg5 19.Nf5+ gxf5 20.Rxh7+ Kxh7 21.Bxg5 f6 22.Qh5+
Kg7 23.Bd2 f4 24.O-O-O Ne7 25.g3 Rh8 26.Qf3 Qh3 27.Ne2 Ng6 28.Qb3 Rab8 29.Qb6
f3 30.Qc7+ Ne7 31.Ng1 Qg4 32.Qxe7+ Kg6 33.Re1 b5 34.Qe6 Qxe6 35.dxe6 Rbe8 36.
Nxf3 Rxe6 37.Nh4+ Kf7 38.Nf5 bxc4 39.Kc2 Rh7 40.Kc3 d5 41.exd5 Rb6 42.Be3 Kg6
43.Nh4+ Kh5 44.Bxc5 Rb3+ 45.Kxc4 Rxb2 46.d6 Ra2 47.Kb3 Rd2 48.Kc3 Rd5 49.Kc4
Rd2 50.Rb1 Kg4 51.Rb3 f5 52.Rd3 Rxd3 53.Kxd3 f4 54.Ke4 fxg3 55.fxg3 1-0

[Event "Cto Equipos Aragon 2012 Div. Honor B "]
[Site "Aragon"]
[Date "2012.03.17"]
[Round "7.20"]
[White "Ramiro Ovejero Juan Luis"]
[Black "Galvez Perez Jose Luis"]
[Result "1-0"]
[WhiteElo "2303"]
[BlackElo "1979"]

1.d4 Nf6 2.Nf3 g6 3.Nc3 d6 4.Bf4 Bg7 5.Qd2 O-O 6.Bh6 c6 7.h4 Bg4 8.Bxg7 Kxg7
9.Ng5 h6 10.Nge4 d5 11.Nxf6 exf6 12.h5 g5 13.f3 Bf5 14.e3 Re8 15.Bd3 Qd7 16.
O-O-O Na6 17.Bxf5 Qxf5 18.e4 Qd7 19.exd5 cxd5 20.Rde1 Nc7 21.Nd1 Nb5 22.Ne3
Nd6 23.Qd3 Qa4 24.Kb1 Qa5 25.c3 Re6 26.Re2 Rae8 27.Rhe1 f5 28.g4 f4 29.Nc2
Rxe2 30.Rxe2 Qd8 31.Nb4 Nc4 32.Nc2 Rxe2 33.Qxe2 Qd6 34.b3 Nb6 35.Nb4 Qe6 36.
Qxe6 fxe6 37.Nd3 Nd7 38.Kc2 Kf6 39.a4 a5 40.b4 axb4 41.cxb4 Ke7 42.a5 Kd6 43.
b5 Kc7 44.Kc3 Nf6 45.Ne5 Ne8 46.b6+ Kd6 47.Nf7+ Ke7 48.a6 1-0

[Event "Cto Equipos Aragon 2012 Div. Honor B "]
[Site "Aragon"]
[Date "2012.03.17"]
[Round "7.21"]
[White "Monfort Cebrian Emilio"]
[Black "Colas Longares Rafael P"]
[Result "0-1"]
[WhiteElo "1912"]
[BlackElo "2321"]

1.c4 Nf6 2.d4 e5 3.dxe5 Ng4 4.Nf3 Bc5 5.e3 Nc6 6.Be2 O-O 7.O-O Re8 8.Nc3 Ngxe5
9.b3 a5 10.Bb2 Nxf3+ 11.Bxf3 Ne5 12.Be2 Ra6 13.Qd5 Qe7 14.Ne4 Ba7 15.c5 Rg6
16.Rac1 Bb8 17.f4 Ng4 18.Bxg4 Rxg4 19.Ng5 Qxe3+ 20.Kh1 Rxf4 21.Nxf7 c6 22.Nh6+
Kh8 23.Qh5 Ref8 24.Rxf4 Qxf4 25.Rg1 d5 26.cxd6 Bxd6 27.Bc1 Qe5 28.Qxe5 Bxe5
29.Ba3 Rf6 30.Re1 Be6 31.Ng4 Bxg4 32.Bb2 Bd6 33.Bxf6 gxf6 34.h3 Bh5 35.Re6 Bb4
36.Rxf6 Kg7 37.Rf1 0-1

[Event "Cto Equipos Aragon 2012 Div. Honor B "]
[Site "Aragon"]
[Date "2012.03.17"]
[Round "7.22"]
[White "Cabrera Moreno Daniel"]
[Black "Del Corral Abancens Alfonso"]
[Result "0-1"]
[WhiteElo "2191"]
[BlackElo "1935"]

1.d4 Nf6 2.Bg5 Ne4 3.Bf4 c5 4.f3 Qa5+ 5.c3 Nf6 6.d5 d6 7.e4 Nbd7 8.Nd2 g6 9.
Nc4 Qc7 10.a4 Bg7 11.Qd2 O-O 12.Bd3 Rb8 13.Ne2 a6 14.a5 b5 15.axb6 Nxb6 16.Na5
Bd7 17.O-O Na4 18.Nc4 Bb5 19.Ra2 Nd7 20.Rfa1 Nab6 21.Na5 c4 22.Bc2 Nc5 23.Nd4
Bd7 24.Nac6 Bxc6 25.Nxc6 Rb7 26.Nb4 Rfb8 27.Be3 Nbd7 28.Bd4 Bxd4+ 29.Qxd4 Ne5
30.f4 Ned3 31.Bxd3 cxd3 32.Rxa6 Nb3 33.Qxd3 Qc5+ 34.Kh1 Nxa1 35.Rxa1 Qf2 36.
Rf1 Qxb2 37.f5 Ra8 38.fxg6 hxg6 39.Qf3 f6 40.Qg4 Kg7 41.h4 Qxc3 42.Nc6 Rh8 43.
Kh2 Rb2 44.Rf3 Rxh4+ 0-1

[Event "Cto Equipos Aragon 2012 Div. Honor B "]
[Site "Aragon"]
[Date "2012.03.17"]
[Round "7.23"]
[White "Munoz Bornao Miguel Angel"]
[Black "Garcia Vicente Nieves"]
[Result "0-1"]
[WhiteElo "1788"]
[BlackElo "2198"]

1.e4 c5 2.Nf3 Nc6 3.d4 cxd4 4.Nxd4 e5 5.Nb3 Bb4+ 6.c3 Be7 7.Bd3 Nf6 8.O-O d5
9.N1d2 Bg4 10.Be2 Be6 11.exd5 Bxd5 12.Bc4 O-O 13.Qe2 Qc7 14.Bxd5 Nxd5 15.Ne4
Rad8 16.Bg5 Bxg5 17.Nxg5 h6 18.Ne4 Nce7 19.Rad1 b6 20.Rfe1 Nf4 21.Qc2 Qc6 22.
f3 Qg6 23.Rd2 Nf5 24.Ng3 Nxg3 25.Qxg6 Nge2+ 26.Kf1 fxg6 27.g3 Nd3 28.Rexe2
Rxf3+ 29.Kg2 Rdf8 30.Na1 g5 31.Nc2 g4 32.Ne1 Nxe1+ 33.Rxe1 Re8 34.Rd7 Rf7 35.
Rd5 Rfe7 36.Re4 h5 37.a4 Kf7 38.a5 Kf6 39.axb6 axb6 40.Rb5 Re6 41.Reb4 Rb8 42.
c4 Rc8 43.Rxb6 Rxb6 44.Rxb6+ Kf5 45.b3 Ke4 46.Kf2 Ra8 47.Rd6 Ra2+ 48.Ke1 Rxh2
49.c5 Rb2 50.Rb6 Kd5 51.b4 g5 52.c6 h4 53.gxh4 gxh4 54.c7 Rc2 55.Rb5+ Kd6 56.
Rc5 Rxc5 57.bxc5+ 0-1

[Event "Cto Equipos Aragon 2012 Div. Honor B "]
[Site "Aragon"]
[Date "2012.03.17"]
[Round "7.24"]
[White "Cid Royo Oscar"]
[Black "Santos Hernandez Higinio"]
[Result "1/2-1/2"]
[WhiteElo "2037"]
[BlackElo "1616"]

1.d4 Nf6 2.Nf3 e6 3.g3 d5 4.Bg2 c6 5.b3 Bd6 6.Bb2 O-O 7.Nbd2 Nbd7 8.O-O Re8 9.
c4 e5 10.dxe5 Nxe5 11.cxd5 cxd5 12.Nxe5 Bxe5 13.Bxe5 Rxe5 14.Nf3 Re7 15.Qd3
Bg4 16.Rfd1 Bh5 17.Nd4 Bg6 18.Qd2 Rc8 19.Rac1 Rxc1 20.Rxc1 a6 21.Qf4 h6 22.Bh3
Qa5 23.Qd6 Re8 24.Nf5 Qd2 25.Qc7 Qxe2 26.Nd6 Re7 27.Qd8+ Kh7 28.Bf1 Qf3 29.
Qxe7 Ne4 30.Bg2 Qxf2+ 31.Kh1 Qe3 32.Bxe4 Qxc1+ 33.Kg2 Bxe4+ 34.Nxe4 dxe4
1/2-1/2

[Event "Cto Equipos Aragon 2012 Div. Honor B "]
[Site "Aragon"]
[Date "2012.03.17"]
[Round "7.25"]
[White "Villuendas Valero Adrian"]
[Black "Martinez Catalan Fco  Javier"]
[Result "1/2-1/2"]
[WhiteElo "2287"]
[BlackElo "2245"]

1.d4 Nf6 2.Bg5 d5 3.e3 c5 4.dxc5 Ne4 5.Bf4 Nc6 6.Nf3 Bg4 7.Be2 e6 8.O-O Bxc5
9.Nbd2 Nxd2 10.Qxd2 O-O 11.Rfd1 Rc8 12.Ne5 Bxe2 1/2-1/2

[Event "Cto Equipos Aragon 2012 Div. Honor B "]
[Site "Aragon"]
[Date "2012.03.17"]
[Round "7.26"]
[White "Valles Mata David"]
[Black "Colom Sienes Eduardo"]
[Result "1-0"]
[WhiteElo "2184"]
[BlackElo "2032"]

1.e4 e6 2.d4 d5 3.Nc3 Bb4 4.exd5 exd5 5.Bd3 Nf6 6.a3 Bxc3+ 7.bxc3 O-O 8.Ne2 b6
9.O-O c5 10.dxc5 bxc5 11.c4 dxc4 12.Bxc4 Bf5 13.c3 Nc6 14.Ng3 Bg6 15.Bg5 Ne5
16.Bxf6 Qxf6 17.Bd5 Rad8 18.f4 Nd3 19.Qf3 Nxf4 20.Be4 Ne6 21.Qxf6 gxf6 22.Rxf6
Ng5 23.Bf5 Rfe8 24.Rf1 Re3 25.Ra6 Rxc3 26.Rxa7 Re3 27.Rc7 Rxa3 28.Rxc5 Ra2 29.
Bxg6 Rdd2 30.Bc2 h6 31.Rc1 Kg7 32.Rc8 Rb2 33.Nh5# 1-0

[Event "Cto Equipos Aragon 2012 Div. Honor B "]
[Site "Aragon"]
[Date "2012.03.17"]
[Round "7.27"]
[White "Sanmartin Agustin Alvaro"]
[Black "Escuer Sanchez Nestor"]
[Result "1/2-1/2"]
[WhiteElo "2026"]
[BlackElo "2099"]

1.e4 Nf6 2.Nc3 d5 3.exd5 Nxd5 4.Bc4 Nb6 5.Bb3 Nc6 6.Qf3 e6 7.Nge2 Bd6 8.Ne4
O-O 9.N2g3 Nd4 10.Qc3 Nxb3 11.Nh5 f6 12.axb3 Be5 13.Qh3 Nd5 14.c3 Nf4 15.Qg4
Nd3+ 16.Ke2 f5 17.Qf3 fxe4 18.Qxe4 Rxf2+ 19.Ke3 Qg5+ 20.Kxd3 Qxh5 21.Ra5 Qg6
22.Qxg6 hxg6 23.Rxe5 Rxg2 24.Ke3 Bd7 25.h4 Rf8 26.Rg5 Rxg5 27.hxg5 Rf5 28.Rg1
e5 29.d4 Kf7 30.c4 exd4+ 31.Kxd4 c5+ 32.Kd3 Ke6 33.Be3 Bc6 34.Re1 Re5 35.Ra1
a6 36.Ra5 Be4+ 37.Kd2 Bc2 1/2-1/2

[Event "Cto Equipos Aragon 2012 Div. Honor B "]
[Site "Aragon"]
[Date "2012.03.17"]
[Round "7.28"]
[White "Pellicer Cemeli Jose Luis"]
[Black "Sacristan Latorre Alberto"]
[Result "0-1"]
[WhiteElo "2068"]
[BlackElo "1989"]

1.e4 c5 2.Nf3 d6 3.d4 cxd4 4.Nxd4 Nf6 5.Nc3 a6 6.Be3 e5 7.Nf3 Be7 8.Bc4 O-O 9.
a4 Qc7 10.Bd5 Nc6 11.O-O Nb4 12.Rc1 Bd7 13.a5 Nbxd5 14.Nxd5 Nxd5 15.exd5 Qxa5
16.Ng5 h6 17.Ne4 f5 18.Nc3 f4 19.Bd2 f3 20.gxf3 Bh3 21.Re1 Rf6 22.Ne4 Rg6+ 23.
Ng3 Qxd5 24.c4 Qf7 25.Re4 h5 0-1